000 00591nam a2200229Ia 4500
003 OSt
005 20220928111205.0
006 a|||||r|||| 00| 0
007 ta
008 220927b |||||||| |||| 00| 0 eng d
024 _a55981
037 _cTextual
040 _aSDCL
_cSDCL
_beng
041 _2eng
_aeng
082 _aO152,3N25,6, M7
100 _aMohan Rakesh
245 0 _aBarah sau chhabbis bata sat.
260 _aDelhi
_bVani Prakashan
_c1987
300 _a64p.
_ccm.
942 _hO152,3N25,6, M7
_cTEXL
_2CC
999 _c738725
_d738725